000 00856nam a22002297a 4500
999 _c63309
_d63309
005 20240530110634.0
008 170918s2015 ua g b 000 0 ara d
017 _a5820
_bمصر . دار الكتب المصرية
020 _a9789773686130
040 _aEG-CaGPL
082 0 4 _221
_a379.15\
_bأ ت
100 0 _aاحمد محمد الجارحى .
245 1 2 _aالتفكير خارج الصندوق و التخطيط الاستراتيجى فى مدارسنا العربية /
_cاحمد محمد الجارحى .
250 _aط.1
260 _aالاسكندرية :
_bمؤسسة حورس الدولية ،
_c2015 .
300 _a144 ص ؛
_c24 سم .
650 0 7 _aالتنمية البشرية .
650 0 7 _aالتفكير .
650 0 7 _aالقبعات الست
650 0 7 _aالتخطيط الاستراتيجى .
942 _2ddc
_cBK